000 01051cab a2200253 4500
001 ABS59389
008 090401t1998 xxu||||| |||| 00| 0 eng d
035 _a(Sirsi) u89018
041 _aeng
100 _aMcGuire, J.
245 _aConstructon Act fails to keep experts at bay
260 _c1998
350 _a0
490 _aProperty Week
_v63(19) 4 September 1998, 34(1)
520 _aSuggests that the Housing Grants, Construction & Regeneration Act 1996 Part II may be fatally flawed, allowing parties in a contract to meticulously prepare a claim in advance, before identifying a dispute.
650 _aMANAGEMENT-DISPUTE AVOIDANCE, MANAGEMENT AND RESOLUTION-DISPUTE MANAGEMENT AND RESOLUTION-ALTERNATIVE DISPUTE RESOLUTION-ADJUDICATION
650 _aBUILT ENVIRONMENT-BUILDING CONTRACT FORMS
650 _aCONTRACT CLAIMS
650 _aCONTRACT CONDITIONS
650 _aHOUSING GRANTS, CONSTRUCTION AND REGENERATION ACT 1996 PART II
690 _aBUILT ENVIRONMENT-BUILDING CONTRACT FORMS
942 _n0
948 _c15/10/1998
999 _c56297
_d56297